| 000 | 01038nam a22003017a 4500 | ||
|---|---|---|---|
| 003 | CHAP | ||
| 005 | 20220329134342.0 | ||
| 008 | 971013s1969 r 00010 d | ||
| 010 | _a19204 | ||
| 011 | _a20176 | ||
| 035 | _a24264 | ||
| 040 | _cCHAP | ||
| 082 |
_a631.7063 _bA5 |
||
| 100 | 0 | 0 |
_aAmaya Brondo, Abelardo. _95168 |
| 245 |
_aDesarrollo de nuevas zonas de riego o de drenaje _b: procedimientos y políticas |
||
| 260 |
_aMéxico, D.F., : _bComisión Internacional de Riego y Drenaje, _c1969 |
||
| 300 | _a119 p | ||
| 500 | _aPonencia presentada en : Congreso Internacional de Riego y Drenaje (7: 1969 : México, D.F.) | ||
| 590 |
_aBATCH-UPD _b10 _c20130110 _lUCH01 _h1422 |
||
| 590 |
_aBATCH-UPD _b10 _c20130410 _lUCH01 _h0903 |
||
| 590 |
_aBATCH-UPD _b10 _c20130914 _lUCH01 _h1221 |
||
| 590 |
_aCONVERSION _b10 _c20130109 _lUCH01 _h1312 |
||
| 650 | 1 | 4 |
_aDrenaje. _934190 |
| 650 | 1 | 4 |
_aIrrigación _xCongresos. _960390 |
| 901 | _aBK | ||
| 942 | _cLIBRO | ||
| 949 |
_a631.7063 A5 _bBC _cBPA _d33724000168928 _eBPA _h67509 _i24264 _mD _si |
||
| 999 |
_c19204 _d19204 |
||